LEADER 00862cam0-2200313---450- 001 990004305110403321 005 20120725102647.0 010 $a0-333-49632-9 035 $a000430511 035 $aFED01000430511 035 $a(Aleph)000430511FED01 035 $a000430511 100 $a19990604d1990----km-y0itay50------ba 101 0 $aeng 102 $aGB 105 $a--------001yy 200 1 $aBernard Show and the comic sublime$fDavid J. Gordon 210 $aHoundmills$cMacmillan$d1990 215 $aVIII, 218 p.$d22 cm 610 0 $aShaw, George Bernard 676 $a822.912 700 1$aGordon,$bDavid J.$0170989 801 0$aIT$bUNINA$gRICA$2UNIMARC 901 $aBK 912 $a990004305110403321 952 $a822.912 SHAW/S 1$bDip.f.m.4149$fFLFBC 959 $aFLFBC 996 $aBernard Show and the comic sublime$9488488 997 $aUNINA LEADER 00923nam0-22003251--450- 001 990008880040403321 005 20090721153822.0 010 $a88-7766-086-4 035 $a000888004 035 $aFED01000888004 035 $a(Aleph)000888004FED01 035 $a000888004 100 $a20090721d1990----km-y0itay50------ba 101 0 $aita 102 $aIT 105 $ay-------001yy 200 1 $a<>infinita via$eragione, natura e Trinità da Anselmo a Tommaso$fa cura di Alessandra Tarabochia Canavero 210 $aBergamo$cP. Lubrina$d1990 215 $a272 p.$d24 cm 225 1 $aQuodlibet 300 $aAntologia di testi e di studi 676 $a231.044$v20$zita 702 1$aTarabochia Canavero,$bAlessandra 801 0$aIT$bUNINA$gRICA$2UNIMARC 901 $aBK 912 $a990008880040403321 952 $aSDI-KD 466$b1728$fSDI 959 $aSDI 996 $aInfinita via$9802819 997 $aUNINA